Statistics for Ranks of the RCMP Picture Quiz

Click here to take the quiz!

General Stats

  • This quiz has been taken 7 times
  • The average score is 11 of 13

Answer Stats

Answer% Correct
Commissioner
100%
Constable
100%
Corporal
100%
Deputy Commissioner
100%
Sergeant
100%
Staff Sergeant
100%
Assistant Commissioner
83%
Chief Superintendent
83%
Superintendent
83%
Corps Sergeant Major
67%
Inspector
67%
Sergeant Major
67%
Staff Sergeant Major
67%

Score Distribution

Percentile by Number Answered

Percent of People with Each Score

Your Score History

You have not taken this quiz